[Event "BL 0304 SC Baden Oos - SFR Neukölln"]
[Site "?"]
[Date "2003.11.02"]
[Round "2.6"]
[White "Keitlinghaus, Ludger"]
[Black "Schwarz, Michael"]
[Result "1-0"]
[WhiteElo "2503"]
[BlackElo "2409"]
[PlyCount "101"]
[EventDate "2003.??.??"]

1. e4 c6 2. d4 d5 3. exd5 cxd5 4. Bd3 g6 5. Nf3 Bg4 6. c3 Bxf3 7. Qxf3 Nc6 8.
Bg5 Bg7 9. Nd2 Nf6 10. O-O O-O 11. Rfe1 Re8 12. Nb3 a5 13. a4 e5 14. Bb5 Qd6
15. Bxf6 Bxf6 16. dxe5 Bxe5 17. g3 Re6 18. Red1 Ne7 19. Rd2 Qb6 20. Rad1 Rf8
21. Nc1 Bg7 22. Nb3 Be5 23. Nc1 Bg7 24. Nb3 Be5 25. Na1 Rf6 26. Qd3 Rd6 27. Nc2
Rfd8 28. Qf3 Qc5 29. Ne1 Bg7 30. Nd3 Qc7 31. Re2 d4 32. c4 Rf6 33. Qg2 Nc6 34.
Bxc6 Rxc6 35. b3 Qb6 36. Rb2 Re8 37. Qd5 Qc7 38. Rbb1 Rce6 39. Kf1 b6 40. Re1
h5 41. h4 Qc8 42. Rxe6 Rxe6 43. Re1 Rxe1+ 44. Kxe1 Qc7 45. Kf1 Bf6 46. c5 bxc5
47. Qxc5 Qb7 48. Qxa5 Qxb3 49. Qb5 Qd1+ 50. Kg2 Kg7 51. a5 1-0

[Event "BL 0304 SC Baden Oos - SFR Neukölln"]
[Site "?"]
[Date "2003.11.02"]
[Round "2.7"]
[White "Rudolf, Henrik"]
[Black "Doettling, Fabian"]
[Result "0-1"]
[WhiteElo "2316"]
[BlackElo "2519"]
[PlyCount "80"]
[EventDate "2003.??.??"]

1. e4 c6 2. d4 d5 3. exd5 cxd5 4. c4 Nf6 5. Nc3 e6 6. Nf3 Bb4 7. cxd5 Nxd5 8.
Qc2 Qc7 9. Bd2 Nd7 10. Rc1 Bxc3 11. bxc3 N5f6 12. Bd3 b6 13. O-O Bb7 14. Ng5 h6
15. Ne4 O-O 16. c4 Nxe4 17. Bxe4 Nf6 18. Bxb7 Qxb7 19. h3 Rac8 20. Qb3 Rfd8 21.
Be3 Rc6 22. a4 Rdc8 23. Rc2 Ne4 24. Rfc1 Nd6 25. Bf4 Nf5 26. Rd1 Qd7 27. Qa3
Rd8 28. d5 Rc5 29. g4 Ne7 30. Be3 Ra5 31. d6 Nc6 32. Qb3 h5 33. c5 hxg4 34.
cxb6 gxh3 35. bxa7 Rd5 36. Rxd5 exd5 37. Qxd5 Nxa7 38. Bf4 Qxa4 39. Rc7 Qxf4
40. Rxa7 Rxd6 0-1

[Event "BL 0304 SC Baden Oos - SFR Neukölln"]
[Site "?"]
[Date "2003.11.02"]
[Round "2.8"]
[White "Schenk, Andreas"]
[Black "Wendt, Jan-Dietrich"]
[Result "1/2-1/2"]
[WhiteElo "2499"]
[BlackElo "2303"]
[PlyCount "130"]
[EventDate "2003.??.??"]

1. d4 Nf6 2. c4 g6 3. Nc3 Bg7 4. e4 d6 5. Nf3 O-O 6. Be2 e5 7. O-O Na6 8. Be3
Ng4 9. Bg5 Qe8 10. dxe5 dxe5 11. h3 h6 12. Bd2 Nf6 13. Be3 Qe7 14. a3 c6 15. b4
Nh5 16. Re1 Qf6 17. Ra2 Nf4 18. Bf1 Rd8 19. Rd2 Rxd2 20. Nxd2 Nc7 21. Kh2 Nfe6
22. Nf3 b6 23. b5 c5 24. Nd5 Qd8 25. a4 Bb7 26. a5 Bxd5 27. exd5 Nd4 28. Bxd4
exd4 29. Qd2 Qd6+ 30. g3 Re8 31. Ra1 Re7 32. h4 h5 33. Kg2 Bf6 34. Bd3 Kg7 35.
Ra2 Ne8 36. Qc1 Qd8 37. axb6 axb6 38. Ra6 Nd6 39. Qf4 Rb7 40. Nd2 Qc7 41. Nf3
Rb8 42. Qc1 Qe7 43. Qa1 Rb7 44. Nd2 Qc7 45. Ra8 Kh7 46. Nf3 Kg7 47. Qa2 Kh7 {
(=)} 48. Qd2 Ra7 49. Rxa7 Qxa7 50. Qf4 Qe7 51. g4 hxg4 52. Qxg4 Kh8 53. h5 gxh5
54. Qxh5+ Kg8 55. Qg4+ Bg7 56. Kf1 Kf8 57. Qh5 Qf6 58. Qg4 Ke7 59. Nh4 Bh6 60.
Nf5+ Nxf5 61. Bxf5 Qd6 62. Qh4+ Kf8 63. Bd3 Ke8 64. Qe4+ Kf8 65. Qf5 Qf4
1/2-1/2

[Event "BL 0304 Stuttgarter Sfr - SC Kreuzberg"]
[Site "?"]
[Date "2003.11.02"]
[Round "2.1"]
[White "Almasi, Zoltan"]
[Black "Golubev, Mihail"]
[Result "1-0"]
[WhiteElo "2631"]
[BlackElo "2536"]
[PlyCount "77"]
[EventDate "2003.??.??"]

1. e4 c5 2. Nf3 d6 3. d4 cxd4 4. Nxd4 Nf6 5. Nc3 g6 6. Be3 Bg7 7. f3 Nc6 8. Qd2
O-O 9. Bc4 Bd7 10. h4 Ne5 11. Bb3 Rc8 12. O-O-O h5 13. Bg5 Rc5 14. Kb1 Re8 15.
Bh6 Bh8 16. g4 Qa5 17. g5 Nh7 18. f4 Nc4 19. Qd3 Na3+ 20. Kc1 e6 21. Nce2 d5
22. exd5 exd5 23. f5 Nxc2 24. Bxc2 Bxf5 25. Nxf5 Qxa2 26. Nfd4 Qa1+ 27. Kd2
Qa5+ 28. Nc3 Rc4 29. Nb3 Qb4 30. Kc1 Rxc3 31. bxc3 Bxc3 32. Rdf1 d4 33. Rh3 a5
34. Rhf3 Qa3+ 35. Kd1 Qe7 36. Nd2 Qd7 37. Rxf7 Qg4+ 38. Qf3 Bxd2 39. Qxg4 1-0

[Event "BL 0304 Stuttgarter Sfr - SC Kreuzberg"]
[Site "?"]
[Date "2003.11.02"]
[Round "2.2"]
[White "Berezovsky, Igor"]
[Black "Nisipeanu, Liviu-Dieter"]
[Result "0-1"]
[WhiteElo "2444"]
[BlackElo "2675"]
[PlyCount "104"]
[EventDate "2003.??.??"]

1. e4 c5 2. Nf3 e6 3. b3 d6 4. Bb5+ Bd7 5. a4 Nc6 6. O-O Nf6 7. Re1 Be7 8. Bb2
O-O 9. Na3 a6 10. Bxc6 Bxc6 11. e5 Nd7 12. exd6 Bxd6 13. Nc4 Qc7 14. Nxd6 Qxd6
15. Ne5 Nxe5 16. Bxe5 Qd5 17. Qg4 f6 18. Bc3 e5 19. Qc4 a5 20. Qxd5+ Bxd5 21.
d3 Kf7 22. Re3 b6 23. Rae1 g5 24. Kf1 Rg8 25. h3 Rg6 26. f3 h5 27. Ke2 g4 28.
hxg4 hxg4 29. fxg4 Rxg4 30. g3 Rag8 31. Rf1 Ke6 32. Rf4 R4g6 33. Rf1 Bb7 34.
Kd1 Rh6 35. Rf2 Rh1+ 36. Kd2 Rg1 37. Ke2 Ke7 38. Rh2 Kf7 39. Kf2 Rh1 40. Rxh1
Bxh1 41. Re2 Bd5 42. Be1 Rh8 43. Ke3 Kg6 44. Rf2 Rh1 45. Ke2 Be6 46. Bc3 Rh8
47. Be1 Bg4+ 48. Kd2 Rh1 49. Rg2 f5 50. Rf2 Kg5 51. c3 e4 52. dxe4 fxe4 0-1

[Event "BL 0304 Stuttgarter Sfr - SC Kreuzberg"]
[Site "?"]
[Date "2003.11.02"]
[Round "2.3"]
[White "Maiwald, Jens-Uwe"]
[Black "Steingrimsson, Hedinn"]
[Result "1-0"]
[WhiteElo "2543"]
[BlackElo "2396"]
[PlyCount "81"]
[EventDate "2003.??.??"]

1. g3 e5 2. Bg2 d5 3. d3 Nf6 4. Nf3 Bd6 5. O-O O-O 6. c4 dxc4 7. dxc4 e4 8. Ng5
Bf5 9. Nc3 Re8 10. c5 Bxc5 11. Qxd8 Rxd8 12. Ngxe4 Nxe4 13. Nxe4 Be7 14. Bf4
Na6 15. Nd2 c6 16. Nc4 Rd7 17. a3 Nc5 18. Be3 Na4 19. Rac1 Bf6 20. b3 Nc3 21.
Bf3 Na2 22. Rcd1 Rad8 23. Rxd7 Rxd7 24. b4 a6 25. g4 Bc2 26. g5 Bc3 27. Bg4 Re7
28. Na5 Re8 29. Nxb7 Bb2 30. Nd6 Rd8 31. Nc4 Bc3 32. h4 f5 33. gxf6 gxf6 34.
Be6+ Kh8 35. Na5 Nxb4 36. axb4 Bxb4 37. Nxc6 Rd6 38. Nxb4 Be4 39. Bh3 a5 40.
Na2 Rb6 41. Bxb6 1-0

[Event "BL 0304 Stuttgarter Sfr - SC Kreuzberg"]
[Site "?"]
[Date "2003.11.02"]
[Round "2.4"]
[White "Reuss, Andreas"]
[Black "Tischbierek, Raj"]
[Result "0-1"]
[WhiteElo "2361"]
[BlackElo "2519"]
[PlyCount "88"]
[EventDate "2003.??.??"]

1. e4 g6 2. d4 d6 3. c3 Nf6 4. f3 Bg7 5. Bg5 O-O 6. Qd2 Nc6 7. Bd3 e5 8. d5 Ne7
9. Ne2 h5 10. c4 Nh7 11. Be3 c5 12. Nbc3 f5 13. h3 f4 14. Bf2 g5 15. Nc1 g4 16.
hxg4 hxg4 17. fxg4 Nf6 18. Be2 Nxg4 19. Nd3 a6 20. Qd1 Nxf2 21. Nxf2 Ng6 22.
Qd3 Qg5 23. Bf3 b5 24. Rh5 Qe7 25. O-O-O bxc4 26. Qe2 Rf7 27. Rdh1 Rb8 28. Nfd1
Bf6 29. Qf2 Rg7 30. g4 Bg5 31. Qh2 Kf7 32. Nf2 Bd7 33. Kb1 Rbg8 34. Nh3 Bh4 35.
Qe2 Nf8 36. Nxf4 exf4 37. R1xh4 Ng6 38. e5 Nxe5 39. Rh6 Ng6 40. Qxc4 Nxh4 41.
Re6 Bxe6 42. dxe6+ Kg6 43. Nd5 Qg5 44. Nxf4+ Kh7 0-1

[Event "BL 0304 Stuttgarter Sfr - SC Kreuzberg"]
[Site "?"]
[Date "2003.11.02"]
[Round "2.5"]
[White "Lau, Ralf"]
[Black "Lorscheid, Gerhard"]
[Result "1/2-1/2"]
[WhiteElo "2503"]
[BlackElo "2297"]
[PlyCount "74"]
[EventDate "2003.??.??"]

1. d4 d6 2. Nf3 Nf6 3. c3 Nbd7 4. Nbd2 e5 5. e4 Be7 6. Bd3 O-O 7. O-O c6 8. a4
Re8 9. Re1 Qc7 10. Nf1 Nf8 11. Ng3 Ng6 12. h3 h6 13. Bd2 Bf8 14. b4 Bd7 15. Qb3
Be6 16. Qb2 Rad8 17. c4 Bc8 18. Bc3 a6 19. Bf1 Nd7 20. a5 exd4 21. Nxd4 Nde5
22. Ndf5 Nf4 23. Red1 g6 24. Ne3 h5 25. Ne2 Bh6 26. Nxf4 Bxf4 27. Qe2 h4 28.
Bd4 Qe7 29. Bb6 Rd7 30. Re1 Qf6 31. Rad1 Rde7 32. c5 Re6 33. cxd6 Rxd6 34. Rxd6
Qxd6 35. Bc5 Qf6 36. Nc4 Nxc4 37. Qxc4 Be6 1/2-1/2

[Event "BL 0304 Stuttgarter Sfr - SC Kreuzberg"]
[Site "?"]
[Date "2003.11.02"]
[Round "2.6"]
[White "Vuckovic, Aleksandar"]
[Black "Kalinitschew, Sergey"]
[Result "1-0"]
[WhiteElo "2321"]
[BlackElo "2519"]
[PlyCount "105"]
[EventDate "2003.??.??"]

1. e4 c5 2. Nf3 Nc6 3. d4 cxd4 4. Nxd4 e5 5. Nb5 d6 6. c4 a6 7. N5c3 Nf6 8. Be2
Nd4 9. Be3 Nxe2 10. Qxe2 Be6 11. f3 Rc8 12. Nd5 Nxd5 13. cxd5 Bd7 14. Nc3 Be7
15. O-O O-O 16. Qd2 Kh8 17. Rac1 Qa5 18. a3 Rc4 19. Nb1 Qxd2 20. Nxd2 Rcc8 21.
Nc4 Bb5 22. Nb6 Rb8 23. Rf2 Bd8 24. Rfc2 f5 25. exf5 Bxb6 26. Bxb6 Bd3 27. Rc3
Bxf5 28. Bc7 Rbe8 29. Bxd6 Rg8 30. g4 Bg6 31. Bc7 Rgf8 32. d6 Rf7 33. Re1 h5
34. h3 Re6 35. Rce3 Ref6 36. Kg2 Bc2 37. Rxe5 hxg4 38. Rh5+ Rh6 39. Rxh6+ gxh6
40. hxg4 Ba4 41. Kg3 Bd7 42. Bb6 Kg7 43. Bd4+ Kg6 44. f4 h5 45. f5+ Kg5 46.
Be3+ Kf6 47. gxh5 Bxf5 48. Kf4 Ke6 49. Bc5+ Kd7 50. Re7+ Rxe7 51. dxe7 Bc2 52.
Ke5 b6 53. Bd6 1-0

[Event "BL 0304 Stuttgarter Sfr - SC Kreuzberg"]
[Site "?"]
[Date "2003.11.02"]
[Round "2.7"]
[White "Volke, Karsten"]
[Black "Migl, Dieter"]
[Result "1-0"]
[WhiteElo "2467"]
[BlackElo "2255"]
[PlyCount "135"]
[EventDate "2003.??.??"]

1. e4 Nc6 2. Nf3 d6 3. d4 Nf6 4. Nc3 Bg4 5. Bb5 a6 6. Bxc6+ bxc6 7. h3 Bh5 8.
Bg5 Qb8 9. Qd3 Qb6 10. O-O e6 11. Rfe1 Be7 12. e5 Bg6 13. Qd2 Nd5 14. Bxe7 Nxe7
15. Na4 Qb8 16. c4 O-O 17. Qa5 Qa7 18. Qc3 a5 19. Rac1 Qb7 20. b3 Rfd8 21. exd6
cxd6 22. Nh4 Qb4 23. Qe3 Nf5 24. Nxf5 Bxf5 25. g4 Bg6 26. h4 h6 27. h5 Bh7 28.
g5 hxg5 29. Qxg5 Kh8 30. Rc3 d5 31. Ree3 dxc4 32. h6 Rg8 33. Rg3 Qf8 34. Rxc4
f6 35. hxg7+ Rxg7 36. Qxg7+ Qxg7 37. Rxg7 Kxg7 38. Rxc6 Bf5 39. Nc5 Kf7 40. Rd6
Rg8+ 41. Kf1 Rg4 42. d5 exd5 43. Rxd5 Bb1 44. Rd2 Rg5 45. Na4 Be4 46. Ke2 Bc6
47. Nc3 Ke6 48. Rd4 Rh5 49. Rc4 Re5+ 50. Kd3 Kd7 51. Rf4 Ke7 52. Kd4 Rh5 53.
Ne4 Rb5 54. Kc3 f5 55. Ng3 Kf6 56. Rc4 Bd7 57. f4 Rb8 58. Rc7 Be6 59. Ra7 Rh8
60. Ne2 Rh3+ 61. Kd2 Bd5 62. Rxa5 Be4 63. Ra6+ Ke7 64. Rg6 Bb1 65. Rg3 Rxg3 66.
Nxg3 Bxa2 67. Kc3 Kf6 68. Kb2 1-0

[Event "BL 0304 Stuttgarter Sfr - SC Kreuzberg"]
[Site "?"]
[Date "2003.11.02"]
[Round "2.8"]
[White "Haas, Wilhelm"]
[Black "Muse, Drazen"]
[Result "0-1"]
[WhiteElo "2196"]
[BlackElo "2443"]
[PlyCount "80"]
[EventDate "2003.??.??"]

1. d4 d6 2. Nf3 Bg4 3. c4 g6 4. Nc3 Bg7 5. e3 Nc6 6. Be2 e5 7. d5 Nb8 8. h3 Bd7
9. e4 a5 10. O-O Na6 11. Bg5 f6 12. Be3 Bh6 13. Qd2 Bxe3 14. Qxe3 Ne7 15. Nd2
g5 16. Bh5+ Ng6 17. Ne2 O-O 18. Ng3 Nc5 19. Bg4 Nh4 20. b3 Kh8 21. a3 Nxe4 22.
Ndxe4 f5 23. Bxf5 Bxf5 24. Nxg5 Qf6 25. N5e4 Qg6 26. Kh2 Rg8 27. Rg1 Raf8 28.
Raf1 Bc8 29. b4 axb4 30. axb4 Rf4 31. f3 Qh6 32. Rf2 Nxg2 33. Rgxg2 Bxh3 34.
Kg1 Bxg2 35. Rxg2 Qh3 36. Qf2 b6 37. Rh2 Qf5 38. Kh1 Qg6 39. Nh5 Rxf3 40. Qg2
Qxe4 0-1

[Event "BL 0304 Bremer SG - SV Hofheim"]
[Site "?"]
[Date "2003.11.02"]
[Round "2.1"]
[White "Savchenko, Stanislav"]
[Black "Bacrot, Etienne"]
[Result "1/2-1/2"]
[WhiteElo "2560"]
[BlackElo "2664"]
[PlyCount "44"]
[EventDate "2003.??.??"]

1. Nf3 d5 2. d4 Nf6 3. c4 c6 4. Nc3 a6 5. a4 e6 6. Bg5 a5 7. e3 Be7 8. Rc1 Na6
9. Be2 Nb4 10. O-O O-O 11. Qb3 b6 12. Na2 c5 13. Rfd1 Bb7 14. Nxb4 axb4 15.
dxc5 bxc5 16. Bxf6 Bxf6 17. cxd5 Bxd5 18. Bc4 Qa5 19. Bxd5 exd5 20. Rxd5 Qxa4
21. Qxa4 Rxa4 22. b3 Ra2 1/2-1/2

[Event "BL 0304 Bremer SG - SV Hofheim"]
[Site "?"]
[Date "2003.11.02"]
[Round "2.2"]
[White "Landa, Konstantin"]
[Black "Hickl, Joerg"]
[Result "1/2-1/2"]
[WhiteElo "2587"]
[BlackElo "2562"]
[PlyCount "69"]
[EventDate "2003.??.??"]

1. e4 g6 2. d4 Bg7 3. Nc3 d6 4. Be3 c6 5. Qd2 b5 6. Bd3 Nf6 7. Nf3 Bg4 8. Nh4
e5 9. dxe5 dxe5 10. h3 Be6 11. Nf3 Nbd7 12. a4 b4 13. Ne2 Qe7 14. Ng5 a5 15.
Ng3 O-O 16. O-O Rfd8 17. Qe2 Nf8 18. Rfd1 h6 19. Nxe6 Nxe6 20. Bc4 Nc5 21. Bxc5
Qxc5 22. b3 Qb6 23. Qf3 Rxd1+ 24. Rxd1 Rd8 25. Rd3 Rxd3 26. Qxd3 Bf8 27. Qf3
Kg7 28. Ne2 Qa7 29. g3 h5 30. Kg2 Bc5 31. Ng1 h4 32. g4 Nh7 33. Qe2 Ng5 34. Nf3
Nxf3 35. Qxf3 1/2-1/2

[Event "BL 0304 Bremer SG - SV Hofheim"]
[Site "?"]
[Date "2003.11.02"]
[Round "2.3"]
[White "Krivoshey, Sergei"]
[Black "Agrest, Evgenij"]
[Result "0-1"]
[WhiteElo "2495"]
[BlackElo "2605"]
[PlyCount "112"]
[EventDate "2003.??.??"]

1. Nf3 Nf6 2. c4 e6 3. Nc3 d5 4. d4 dxc4 5. e4 Bb4 6. Bg5 c5 7. Bxc4 cxd4 8.
Nxd4 Bxc3+ 9. bxc3 Qa5 10. Bb5+ Bd7 11. Bxf6 gxf6 12. Qb3 Bxb5 13. Nxb5 O-O 14.
O-O Nc6 15. c4 Rad8 16. c5 Rd2 17. Qg3+ Kh8 18. Qf4 Kg7 19. Qg3+ Kh8 20. Qf4
Kg7 21. a4 Ne5 22. Ra3 Ng6 23. Qe3 Rc2 24. h4 h5 25. Rd1 a6 26. Nd4 Rc4 27. Rc1
Rxc1+ 28. Qxc1 Qb4 29. Rd3 Qxa4 30. c6 bxc6 31. Qc5 Qa2 32. Kh2 Qb1 33. Re3 Ne5
34. Rg3+ Ng4+ 35. Rxg4+ hxg4 36. e5 Qg6 37. Nxc6 Rc8 38. Qd6 Rh8 39. g3 Qf5 40.
exf6+ Qxf6 41. Kg1 Rh5 42. Qb4 Qf3 43. Qb2+ e5 44. Qc2 Rf5 45. Ne7 Rf6 46. Qd2
Rb6 47. Kh2 Rb1 48. Qg5+ Kf8 49. Ng6+ fxg6 50. Qh6+ Ke7 51. Qg7+ Kd8 52. Qh8+
Kd7 53. Qg7+ Kc8 54. Qg8+ Kb7 55. Qg7+ Ka8 56. Qg8+ Ka7 0-1

[Event "BL 0304 Bremer SG - SV Hofheim"]
[Site "?"]
[Date "2003.11.02"]
[Round "2.4"]
[White "Baburin, Alexander"]
[Black "Ginsburg, Gennadi"]
[Result "0-1"]
[WhiteElo "2541"]
[BlackElo "2483"]
[PlyCount "48"]
[EventDate "2003.??.??"]

1. d4 d5 2. c4 e6 3. Nc3 Be7 4. cxd5 exd5 5. Bf4 c6 6. Qc2 Na6 7. a3 Nf6 8. e3
Nc7 9. Bd3 O-O 10. h3 Ne6 11. Be5 g6 12. Nf3 Ng7 13. O-O Bf5 14. Bxf6 Bxf6 15.
b4 a6 16. a4 Rc8 17. Rfc1 Re8 18. Ne1 Qd6 19. Qb3 Bxd3 20. Nxd3 Nf5 21. Nd1
Bxd4 22. exd4 Nxd4 23. Qb2 Ne2+ 24. Kh1 Nf4 0-1

[Event "BL 0304 Bremer SG - SV Hofheim"]
[Site "?"]
[Date "2003.11.02"]
[Round "2.5"]
[White "Zude, Arno"]
[Black "Fish, Gannadij"]
[Result "0-1"]
[WhiteElo "2382"]
[BlackElo "2509"]
[PlyCount "74"]
[EventDate "2003.??.??"]

1. e4 c5 2. Nf3 e6 3. d4 cxd4 4. Nxd4 a6 5. Bd3 Qc7 6. O-O Nf6 7. Qe2 d6 8. c4
Nbd7 9. f4 Be7 10. Nc3 b6 11. Bd2 Bb7 12. Kh1 g6 13. Rae1 O-O 14. b3 Rfe8 15.
Nf3 Bf8 16. Ng5 Rad8 17. Bb1 Bg7 18. Rf2 h6 19. Nxf7 Kxf7 20. e5 dxe5 21. fxe5
Qxe5 22. Qxe5 Nxe5 23. Rxe5 Kg8 24. Ree2 Ng4 25. Rf4 Rf8 26. h3 Rxf4 27. Bxf4
Bxc3 28. hxg4 Rd1+ 29. Kh2 Rxb1 30. Rxe6 g5 31. Bc7 Rb2 32. Rxb6 Bxg2 33. Rxh6
Be4+ 34. Kh3 Rb1 35. Re6 Rh1+ 36. Bh2 Re1 37. Kg3 Re2 0-1

[Event "BL 0304 Bremer SG - SV Hofheim"]
[Site "?"]
[Date "2003.11.02"]
[Round "2.6"]
[White "Gisbrecht, Ewgeni"]
[Black "Houska, Jovanka"]
[Result "1-0"]
[WhiteElo "2441"]
[BlackElo "2358"]
[PlyCount "121"]
[EventDate "2003.??.??"]

1. Nf3 d5 2. c4 c6 3. d4 Nf6 4. Qc2 dxc4 5. Qxc4 Bf5 6. g3 Nbd7 7. Bg2 e6 8.
O-O Be7 9. Nc3 O-O 10. Qb3 Nb6 11. Rd1 a5 12. a4 Nfd5 13. Ne5 Nb4 14. e4 Bg6
15. Nxg6 hxg6 16. Be3 Bf6 17. Rac1 Rc8 18. Na2 Nxa2 19. Qxa2 Be7 20. Qb3 Bb4
21. h4 Qd6 22. Bf3 Nd7 23. Kg2 Qe7 24. Bg5 f6 25. Be3 c5 26. Bg4 f5 27. exf5
gxf5 28. Bf3 Kh8 29. dxc5 Nxc5 30. Bxc5 Rxc5 31. Rxc5 Bxc5 32. Qxb7 Rd8 33.
Qxe7 Bxe7 34. Re1 Rd6 35. Re5 Bd8 36. Be2 Kg8 37. Bc4 Kf7 38. Rxf5+ Ke7 39. Re5
Kf6 40. Re2 e5 41. Re3 Rd4 42. Rf3+ Kg6 43. Bf7+ Kh7 44. b3 e4 45. Rf5 g6 46.
Rd5 Bb6 47. Rxd4 Bxd4 48. Kf1 e3 49. f4 Kg7 50. Bc4 Kf6 51. Ke2 Bc5 52. Kf3 Bd4
53. Bd3 Bc5 54. g4 Kg7 55. g5 Bb6 56. Kg4 Bc7 57. f5 gxf5+ 58. Kxf5 Bb6 59. h5
Kf7 60. h6 Bd4 61. g6+ 1-0

[Event "BL 0304 Bremer SG - SV Hofheim"]
[Site "?"]
[Date "2003.11.02"]
[Round "2.7"]
[White "Buchal, Stephan"]
[Black "Breutigam, Martin"]
[Result "1-0"]
[WhiteElo "2390"]
[BlackElo "2409"]
[PlyCount "78"]
[EventDate "2003.??.??"]

1. g3 e5 2. Bg2 Nc6 3. d3 g6 4. e4 Bg7 5. Nc3 d6 6. Be3 Nd4 7. Nce2 Ne7 8. c3
Ne6 9. d4 exd4 10. Nxd4 O-O 11. Nge2 a5 12. O-O a4 13. Qd2 Re8 14. f4 Nc5 15.
f5 f6 16. Nf4 Ra5 17. Rae1 Kf7 18. Qc2 g5 19. Nfe6 Nxe6 20. Nxe6 Bxe6 21. fxe6+
Kxe6 22. e5 Rxe5 23. Qxh7 Kf7 24. Bd4 Rxe1 25. Rxe1 c6 26. Bxf6 Kxf6 27. Rf1+
Ke6 28. Bh3+ Kd5 29. Qxg7 c5 30. Bg2+ Kc4 31. Qxg5 Nc6 32. Bd5+ Kb5 33. Qf4 Ne5
34. b3 axb3 35. Rb1 c4 36. axb3 Qb6+ 37. Kh1 Qc5 38. bxc4+ Ka6 39. Qd2 Ka7 $138
1-0

[Event "BL 0304 Bremer SG - SV Hofheim"]
[Site "?"]
[Date "2003.11.02"]
[Round "2.8"]
[White "Borik, Otto"]
[Black "Zude, Erik"]
[Result "0-1"]
[WhiteElo "2429"]
[BlackElo "2325"]
[PlyCount "64"]
[EventDate "2003.??.??"]

1. d4 d6 2. Nf3 g6 3. c4 Nf6 4. Nc3 Bg7 5. e4 O-O 6. h3 Na6 7. Be3 e5 8. d5 Nc5
9. Nd2 a5 10. g4 Bd7 11. Be2 Be8 12. Qc2 c6 13. dxc6 Bxc6 14. O-O-O a4 15. g5
Nfd7 16. Ndb1 Ne6 17. Qd2 Nd4 18. Bg4 Nc5 19. Qe1 a3 20. Nxa3 Rxa3 21. bxa3 Qa5
22. Nb5 Qa4 23. Bxd4 Bxe4 24. Qe2 exd4 25. Nxd6 d3 26. Qd2 Qxa3+ 27. Kb1 Bxh1
28. Nb5 Qa4 29. Rxh1 Ne4 30. Qxd3 Qb4+ 31. Kc1 Qb2+ 32. Kd1 Nxf2+ 0-1

[Event "BL 0304 SV Werder Bremen - SCA St Ingbe"]
[Site "?"]
[Date "2003.11.02"]
[Round "2.2"]
[White "Hracek, Zbynek"]
[Black "Marcelin, Cyril"]
[Result "1/2-1/2"]
[WhiteElo "2578"]
[BlackElo "2473"]
[PlyCount "128"]
[EventDate "2003.??.??"]

1. e4 e5 2. Nf3 Nc6 3. Bb5 Nf6 4. O-O Nxe4 5. d4 Nd6 6. Bxc6 dxc6 7. dxe5 Nf5
8. Qxd8+ Kxd8 9. Nc3 Be7 10. Rd1+ Ke8 11. Bg5 Bxg5 12. Nxg5 Ke7 13. h3 h6 14.
Nf3 h5 15. Ne2 Be6 16. Nf4 h4 17. Nxe6 Kxe6 18. Rd3 Rad8 19. Rad1 Rxd3 20. Rxd3
c5 21. Kf1 b6 22. Ke1 Rh5 23. c3 Ne7 24. Rd8 Nc6 25. Re8+ Kd7 26. Rg8 g6 27.
Ke2 Nxe5 28. Nd2 Rg5 29. Rh8 Rxg2 30. Rxh4 Rg1 31. Re4 f6 32. a3 Rh1 33. h4 a5
34. a4 Kd6 35. Nf1 f5 36. Rf4 Ke6 37. b4 cxb4 38. cxb4 c5 39. bxa5 bxa5 40. Ne3
Rh2 41. Kd2 Ng4 42. Nxg4 Rxh4 43. f3 fxg4 44. fxg4 Ke5 45. Rc4 Kd5 46. Rf4 Ke5
47. Rc4 Rh2+ 48. Kc3 Kd5 49. Rf4 Rh3+ 50. Kc2 Rg3 51. Kb2 Ke5 52. Rc4 Kd6 53.
Rf4 Kd5 54. Kc2 Re3 55. g5 Rg3 56. Rf6 Rxg5 57. Ra6 Kd4 58. Rxa5 Rg2+ 59. Kb3
Rg3+ 60. Kb2 Kc4 61. Ra8 Kb4 62. a5 Rg2+ 63. Kb1 c4 64. a6 Rg1+ 1/2-1/2

[Event "BL 0304 SV Werder Bremen - SCA St Ingbe"]
[Site "?"]
[Date "2003.11.02"]
[Round "2.3"]
[White "Lazarev, Vladimir"]
[Black "Babula, Vlastimil"]
[Result "1/2-1/2"]
[WhiteElo "2526"]
[BlackElo "2567"]
[PlyCount "45"]
[EventDate "2003.??.??"]

1. d4 Nf6 2. c4 e6 3. Nc3 Bb4 4. Qc2 O-O 5. a3 Bxc3+ 6. Qxc3 b6 7. Bg5 Bb7 8.
f3 h6 9. Bh4 d5 10. e3 Re8 11. Nh3 Nbd7 12. cxd5 exd5 13. Be2 Qe7 14. Bf2 c5
15. O-O Rac8 16. Rfe1 cxd4 17. Qxd4 Nc5 18. Rad1 Ne6 19. Qd2 g5 20. Bd3 Nd7 21.
Bb1 Ne5 22. Ba2 Red8 23. Bg3 1/2-1/2

[Event "BL 0304 SV Werder Bremen - SCA St Ingbe"]
[Site "?"]
[Date "2003.11.02"]
[Round "2.4"]
[White "Pelletier, Yannick"]
[Black "Bricard, Emmanuel"]
[Result "1/2-1/2"]
[WhiteElo "2604"]
[BlackElo "2453"]
[PlyCount "85"]
[EventDate "2003.??.??"]

1. Nf3 f5 2. g3 Nf6 3. Bg2 d6 4. d4 e6 5. O-O Be7 6. c4 O-O 7. b3 Ne4 8. Nbd2
Nc6 9. Bb2 Bf6 10. Nxe4 fxe4 11. Ne1 d5 12. Nc2 Bd7 13. f3 exf3 14. Bxf3 Be8
15. Bg4 Bf7 16. e4 dxe4 17. Re1 Kh8 18. Kh1 Bg6 19. Bxe6 e3 20. Nxe3 Bxd4 21.
Bxd4 Qxd4 22. Bd5 Be4+ 23. Ng2 Bxd5 24. cxd5 Qxd1 25. Raxd1 Nb4 26. a3 Nc2 27.
Re7 Nxa3 28. Rxc7 Nb5 29. Rc5 Nd6 30. Nf4 Ne4 31. Rc2 Rac8 32. Rxc8 Rxc8 33.
Re1 Re8 34. Kg2 Nd6 35. Ne6 Kg8 36. Rf1 Rc8 37. Kf3 h6 38. Kf4 Rc3 39. Nd4 Kf7
40. Rf3 Rxf3+ 41. Nxf3 Kf6 42. h4 h5 43. Ne5 1/2-1/2

[Event "BL 0304 SV Werder Bremen - SCA St Ingbe"]
[Site "?"]
[Date "2003.11.02"]
[Round "2.5"]
[White "Nguyen, Chi Minh"]
[Black "Schandorff, Lars"]
[Result "1-0"]
[WhiteElo "2375"]
[BlackElo "2520"]
[PlyCount "111"]
[EventDate "2003.??.??"]

1. d4 d5 2. c4 c6 3. Nc3 Nf6 4. Nf3 a6 5. c5 Nbd7 6. h3 b6 7. b4 a5 8. b5 Bb7
9. Qa4 Qc8 10. e4 Nxe4 11. Nxe4 dxe4 12. Ne5 Nxe5 13. dxe5 e6 14. bxc6 Bxc6 15.
Bb5 Bxb5 16. Qxb5+ Qd7 17. Qxd7+ Kxd7 18. cxb6 Bc5 19. Be3 Bxe3 20. fxe3 Rhb8
21. O-O Ke8 22. Rac1 Rb7 23. a4 Rd8 24. Rc5 Rd5 25. Rxd5 exd5 26. Rd1 Rxb6 27.
Rxd5 Rb1+ 28. Kf2 Rb2+ 29. Kg3 Re2 30. Rxa5 Ke7 31. Ra8 Ke6 32. Kf4 Rf2+ 33.
Kxe4 Rxg2 34. a5 Ra2 35. Ra6+ Kd7 36. e6+ fxe6 37. Ke5 Ra3 38. e4 Rxh3 39. Ra7+
Kc6 40. Rxg7 Rh5+ 41. Kxe6 Rxa5 42. Rxh7 Ra8 43. e5 Re8+ 44. Kf6 Rf8+ 45. Rf7
Rh8 46. e6 Rh6+ 47. Kf5 Rh1 48. Rd7 Rh5+ 49. Kg6 Rh1 50. Rd2 Re1 51. Kf7 Rh1
52. e7 Rf1+ 53. Kg8 Re1 54. Kf8 Rf1+ 55. Ke8 Ra1 56. Rf2 {Jetzt ist der
Brueckenbau auch in Daenemark bekannt.} 1-0

[Event "BL 0304 SV Werder Bremen - SCA St Ingbe"]
[Site "?"]
[Date "2003.11.02"]
[Round "2.6"]
[White "Gallagher, Joseph"]
[Black "Pirrot, Dieter"]
[Result "1-0"]
[WhiteElo "2522"]
[BlackElo "2422"]
[PlyCount "61"]
[EventDate "2003.??.??"]

1. e4 e5 2. Nf3 Nf6 3. Nxe5 d6 4. Nf3 Nxe4 5. d4 d5 6. Bd3 Bd6 7. O-O O-O 8. c4
Be6 9. Re1 f5 10. cxd5 Bxd5 11. Nc3 Nxc3 12. bxc3 Nc6 13. Rb1 Na5 14. Ne5 b6
15. Qc2 g6 16. c4 Bb7 17. c5 Bxe5 18. dxe5 Qd5 19. Bf1 Qe6 20. Bd2 Bd5 21. Bxa5
bxa5 22. a3 Rab8 23. Rxb8 Rxb8 24. Qa4 Kg7 25. Qxa5 Qc6 26. e6 Re8 27. e7 Qd7
28. Qxa7 Rxe7 29. Qa5 Rxe1 30. Qxe1 c6 31. a4 1-0

[Event "BL 0304 SV Werder Bremen - SCA St Ingbe"]
[Site "?"]
[Date "2003.11.02"]
[Round "2.7"]
[White "Drollinger, Dennis"]
[Black "Joachim, Sven"]
[Result "1/2-1/2"]
[WhiteElo "2275"]
[BlackElo "2434"]
[PlyCount "55"]
[EventDate "2003.??.??"]

1. e4 c5 2. Nf3 Nc6 3. Bb5 Nf6 4. Nc3 Qc7 5. O-O Nd4 6. Re1 a6 7. Bf1 Ng4 8. g3
Nxf3+ 9. Qxf3 Ne5 10. Qe2 d6 11. h3 g6 12. b3 Bg7 13. Bb2 Qd8 14. Nd1 O-O 15.
Bg2 Bd7 16. f4 Nc6 17. Bxg7 Kxg7 18. c3 e5 19. Ne3 exf4 20. gxf4 f5 21. exf5
Bxf5 22. Nxf5+ Rxf5 23. Bxc6 bxc6 24. Qe7+ Rf7 25. Qxd8 Rxd8 26. Re4 d5 27. Re6
Rc8 28. Rf1 1/2-1/2

[Event "BL 0304 SV Werder Bremen - SCA St Ingbe"]
[Site "?"]
[Date "2003.11.02"]
[Round "2.8"]
[White "Meins, Gerlef"]
[Black "Gross, Georg"]
[Result "1-0"]
[WhiteElo "2454"]
[BlackElo "2316"]
[PlyCount "53"]
[EventDate "2003.??.??"]

1. d4 Nc6 2. c4 e5 3. d5 Nce7 4. Nc3 Ng6 5. a3 a5 6. Nf3 Nf6 7. Rb1 Bc5 8. b4
Ba7 9. d6 O-O 10. Bg5 axb4 11. axb4 cxd6 12. e3 h6 13. Bxf6 Qxf6 14. Ra1 e4 15.
Nd5 Qd8 16. Nd4 Bxd4 17. Rxa8 Be5 18. Be2 Ne7 19. O-O Kh7 20. g3 f5 21. Nxe7
Qxe7 22. Qd5 Qd8 23. c5 Qf6 24. cxd6 Bxd6 25. Rc1 Qb2 26. Qd1 f4 27. exf4 1-0